| 000 | 00743nam a22002531 4500 | ||
|---|---|---|---|
| 001 | 142028 | ||
| 003 | ES-MaACL | ||
| 005 | 20230906200428.0 | ||
| 007 | t| | ||
| 008 | 071002s1958 sp ||||0| spa d | ||
| 016 | 7 | _zIND2000946370 | |
| 040 |
_aM-BN _bspa _cCDM |
||
| 080 | _a82-312.4"19" | ||
| 100 | 1 |
_aWilliams, Valentine. _9116957 |
|
| 245 | 1 | 3 |
_aLa mansión abandonada / _cValentine Williams ; [versión... de Manuel Vallvé]. |
| 260 |
_aBarcelona : _bG. P. : _b[Guada, _c1958. |
||
| 300 |
_a160 p ; _c18 cm. |
||
| 490 | 1 |
_aG. P. Policiaca ; _v36 |
|
| 700 | 1 |
_aVallvé, Manuel. _9112961 |
|
| 830 | 0 |
_aG. P. Policiaca ; _v36 _9193518 |
|
| 852 |
_aES-MaACL _jC-15563 _bR.43155 |
||
| 999 |
_c142028 _d142028 |
||